[Event "VIE-ch U15"]
[Site "Hai Phong"]
[Date "2018.07.12"]
[Round "8"]
[White "Vo, Huu Tuan"]
[Black "Dao, Xuan Thuy"]
[Result "1/2-1/2"]
[WhiteElo "1794"]
[BlackElo "1786"]
[PlyCount "79"]
[EventDate "2018.07.07"]
[EventType "swiss"]
[EventRounds "9"]
[EventCountry "VIE"]
[SourceTitle "EXT 2019"]
[Source "ChessBase"]
[SourceDate "2018.10.10"]
[SourceVersion "1"]
[SourceVersionDate "2018.10.10"]
[SourceQuality "1"]

1. d4 Nf6 2. Nf3 c5 3. c3 e6 4. Bf4 d5 5. e3 c4 6. Nbd2 Bd6 7. Bxd6 Qxd6 8. Ne5 Nc6 9. Ndf3 Nd7 10. Nxc6 bxc6 11. b3 cxb3 12. axb3 0-0 13. Bd3 e5 14. dxe5 Nxe5 15. Nxe5 Qxe5 16. Qc2 h6 17. 0-0 Be6 18. c4 dxc4 19. Bxc4 Bxc4 20. Qxc4 Qd5 21. Qxd5 cxd5 22. Rfd1 Rfd8 23. Ra5 Rab8 24. Rxa7 Rxb3 25. g3 Rb4 26. Ra2 Rb6 27. Rad2 Rbd6 28. Rd4 Kf8 29. e4 Ke7 30. exd5 Kf6 31. f4 Ra8 32. R1d2 Rc8 33. Kf2 Rc7 34. Ke3 Rc3+ 35. R2d3 Rc2 36. h4 h5 37. Rd2 Rc3+ 38. R2d3 Rc2 39. Rd2 Rc3+ 40. R2d3 1/2-1/2